00902nam a2200217Ia 4500003000900000008004100009020002300050040001600073080002200089110004000111111009800151245019400249260006100443300001500504490006600519650001400585700002200599700001900621700002300640700002100663IN-BaIIA211028s9999 xx 000 0 eng d a978-1-58381--694-3 cIIA Library a082.2:52bASP-407 aAstronomical Society of the Pacific aAn Event Commemorating the Birth Centenary of Dr. Homi J. BhabhacPune, Indiad2008 Dec. 8-12 4aThe Low- frequency radio universebproceedings of an event commemorating the birth centenary of Dr. Homi J Bhabha held in Pune, India, December 8-12, 2008cedited by D. J. Saikia…[et al.] aSan FranciscobAstronomical Society of the Pacificc2009 axxv, 457p. aAstronomical Society of the Pacific conference series; v. 407 aAstronomy aGreen, D. A., ed. aGupta, Y., ed. aSaikia, D. J., ed. aVenturi, T., ed.